000
00320nam a22001337a 4500
008
180918b xxu||||| |||| 00| 0 eng d
041
_a
eng
080
_a
61
082
_a
61
100
_a
3
101
_a
SHM
245
_a
Health current issues and the care public policy debate delivery
_c
Kaufman,R
942
_2
udc
_c
BK
999
_c
47877
_d
47877